01402nam a2200289 a 4500001001000000003000900010005001700019007000300036008004100039040002500080049000900105082001400114110006200128245007200190260005500262300002100317500005300338590002700391610008100418610017500499700004000674942001400714952012400728952012200852952012100974999001701095000028754DO-SdBNP20240229073821.0ta110412s2000 dr 000 0 spa d aDO-SdBNPbspacBNPHU aBNPD 4222bS959r2 aSuprema Corte de Justicia (República Dominicana)96383910aRendición de cuentas tercer aniversario, b4 de agosto del 2000 / aSanto Domingo :bSuprema Corte de Justicia,c2000. a104 P. ;c22 cm. aRendición presentada Dr. Jorge A. Subero Isa  aInventariado 2021 / MF 02 955712aRepública DominicanabPoder JudicialbSuprema Corte de Justicia 02Justice, Administration of -- Dominican Republic. Justicia, Administración de -- República Dominicana.bAdministración de Justicia xRepública Dominicana.9803281 aSubero Isa, Jorge A.,d1947-976863 2ddccLBS1 00102ddc51708PDaPDbPDcHDd2011-04-12eDonado por FUNDIiLF1l0o p2021-27575r2020-06-25te.2w2020-06-25yLFPD 00102ddc718DSaPDbPDcHDd2015-02-09eDepósito legaliLF1l0o p2021-27576r2020-06-25te. 3w2020-06-25yLFDS 00102ddc56708PDaBNPHUbDOcHDd2018-07-22eDonado por CERTVl0oS959rp2021-27574r2021-10-22w2021-10-22yLFPD c28246d28246